Chất lượng nước mặt và trầm tích trên sông Hậu trong phạm vi thị trấn Mái Dầm - huyện Châu Thành - tỉnh Hậu Giang : Luận văn tốt nghiệp Cao học. Chuyên ngành Quản lý tài nguyên và Môi trường
Đánh giá hiện trạng, chất lượng và đặc điểm trầm tích trong thủy vực sông Hậu.
Na minha lista:
| Autor principal: | |
|---|---|
| Formato: | Livro |
| Idioma: | Undetermined |
| Publicado em: |
Cần Thơ
Trường Đại học Cần Thơ
2018
|
| Assuntos: | |
| Tags: |
Adicionar Tag
Sem tags, seja o primeiro a adicionar uma tag!
|
| Thư viện lưu trữ: | Trung tâm Học liệu Trường Đại học Cần Thơ |
|---|
| LEADER | 01050nam a2200217Ia 4500 | ||
|---|---|---|---|
| 001 | CTU_228144 | ||
| 008 | 210402s9999 xx 000 0 und d | ||
| 082 | |a 628.112 | ||
| 082 | |b T558 | ||
| 088 | |a 8850101 | ||
| 100 | |a Phan, Văn Tươi | ||
| 245 | 0 | |a Chất lượng nước mặt và trầm tích trên sông Hậu trong phạm vi thị trấn Mái Dầm - huyện Châu Thành - tỉnh Hậu Giang : | |
| 245 | 0 | |b Luận văn tốt nghiệp Cao học. Chuyên ngành Quản lý tài nguyên và Môi trường | |
| 245 | 0 | |c Phan Văn Tươi ; Nguyễn Văn Công (Cán bộ hướng dẫn) | |
| 260 | |a Cần Thơ | ||
| 260 | |b Trường Đại học Cần Thơ | ||
| 260 | |c 2018 | ||
| 520 | |a Đánh giá hiện trạng, chất lượng và đặc điểm trầm tích trong thủy vực sông Hậu. | ||
| 650 | |a Water quality,Chất lượng nước | ||
| 910 | |b nthai | ||
| 980 | |a Trung tâm Học liệu Trường Đại học Cần Thơ | ||